Estudio dendrológico de algunas especies del departamento del Chocó, Colombia (Registro nro. 611)

Detalles MARC
000 -CABECERA
Campo de control 00754nam a2200229 a 4500
005 - FECHA Y HORA DE LA ULTIMA TRANSACCION
Campo de control 20191224041536.0
008 - ELEMENTOS DE LONGITUD FIJA—INFORMACION GENERAL
Campo de control 141024b1977 ck |||||rm||| 00| 0 spa d
040 ## - FUENTE DE CATALOGACIÓN
Agencia catalogadora original CO-BoIAVH
Agencia transcriptora CO-BoIAVH
041 ## - IDIOMA
Código de idioma para texto/pista de sonido o título separado Español
090 ## - CLASIFICACIÓN LOCAL
Colección TE
Consecutivo 0025
100 1# - ASIENTO PRINCIPAL--NOMBRE PERSONAL
Nombre personal Acero Duarte, Luis Enrique
9 (RLIN) 74697
245 1# - MENCION DE TITULO
Título Estudio dendrológico de algunas especies del departamento del Chocó, Colombia
260 ## - PUBLICACION, DISTRIBUCION, ETC. (PIE DE IMPRENTA)
Lugar de publicación, distribución, etc. Bogotá
Nombre del editor, distribuidor, etc. Universidad Distrital Francisco José de Caldas. Facultad de Ingeniería Foorestal
Fecha de publicación, distribución, etc. 1977
300 ## - DESCRIPCION FISICA
Extensión 2 Tomos
650 14 - ASIENTO SECUNDARIO DE MATERIA - TERMINO TEMATICO
Término temático o nombre geográfico como elemento de entrada Recursos forestales
9 (RLIN) 74698
650 14 - ASIENTO SECUNDARIO DE MATERIA - TERMINO TEMATICO
Término temático o nombre geográfico como elemento de entrada Dendrología
9 (RLIN) 3762
650 14 - ASIENTO SECUNDARIO DE MATERIA - TERMINO TEMATICO
Término temático o nombre geográfico como elemento de entrada Claves taxonómicas
9 (RLIN) 3514
650 14 - ASIENTO SECUNDARIO DE MATERIA - TERMINO TEMATICO
Término temático o nombre geográfico como elemento de entrada Listado de Especies
9 (RLIN) 19418
650 14 - ASIENTO SECUNDARIO DE MATERIA - TERMINO TEMATICO
Término temático o nombre geográfico como elemento de entrada Morfologia
9 (RLIN) 74700
662 ## - ASIENTO SECUNDARIO DE MATERIA - JERARQUIA DEL NOMBRE DE LUGAR(
País o entidad mayor Colombia
Jurisdicción política de primer orden Chocó
942 ## - ELEMENTOS ADICIONALES (KOHA)
Tipo de ítem Tesis
Sistema de clasificación Local
Existencias
Withdrawn status Lost status Sistema de Clasificación Damaged status No para préstamo Colección Inventariado Ubicación Permanente Ubicación actual Fecha de adquisición Fuente de Valor Total Checkouts Número topográfico Inventario / Código de Barras Date last seen Ejemplar Price effective from Forma de adquisición Tipo de material
    Local     Tesis Inventariado 2017 Bogotá Bogotá 29/05/1998 Instituto Nacional de los Recursos Naturales Renovables y del Medio Ambiente   TE-0025 000863 04/12/2012 Ej. 1 T. 1 04/12/2012 Donación Tesis
    Local     Tesis Inventariado 2017 Bogotá Bogotá 29/05/1998 Instituto Nacional de los Recursos Naturales Renovables y del Medio Ambiente   TE-0025 000864 04/12/2012 Ej. 1 T. 2 04/12/2012 Donación Tesis